Statistics for NBA Team Names History

Click here to take the quiz!

General Stats

  • This quiz has been taken 359 times
    (31 since last reset)
  • The average score is 34 of 58

Answer Stats

CitySeasonsTeam Name% Correct
Atlanta1968-presentHawks
93%
Los Angeles1960-presentLakers
93%
Chicago1966-presentBulls
89%
Cleveland1970-presentCavaliers
89%
Charlotte1988-2002, 2014-presentHornets
89%
New Orleans2002-2005, 2007-2013Hornets
89%
Detroit1957-presentPistons
89%
Golden State1971-presentWarriors
89%
Philadelphia1963-present76ers
85%
Dallas1980-presentMavericks
85%
Brooklyn2012-presentNets
85%
Denver1976-presentNuggets
85%
New Orleans2013-presentPelicans
85%
Houston1971-presentRockets
85%
Oklahoma City2008-presentThunder
85%
Memphis2001-presentGrizzlies
81%
Utah1979-presentJazz
81%
Sacramento1985-presentKings
81%
Indiana1976-presentPacers
81%
Toronto1995-presentRaptors
81%
Oklahoma City1967-2008*Seattle SuperSonics
81%
Phoenix1968-presentSuns
81%
Washington1998-presentWizards
81%
Charlotte2004-2014Bobcats
78%
Milwaukee1968-presentBucks
78%
Boston1946-presentCeltics
78%
Los Angeles1984-presentClippers
78%
New York1946-presentKnicks
78%
Orlando1989-presentMagic
78%
San Antonio1976-presentSpurs
78%
Minnesota1989-presentTimberwolves
78%
Miami1988-presentHeat
74%
Portland1970-presentTrailblazers
74%
Washington1974-1998Bullets
70%
Brooklyn1977-2012*New Jersey Nets
52%
Los Angeles1948-1960*Minneapolis Lakers
44%
Utah1974-1979*New Orleans Jazz
44%
Golden State1946-1962*Philadelphia Warriors
44%
Memphis1995-2001*Vancouver Grizzlies
41%
Los Angeles1978-1984*San Diego Clippers
37%
Washington1963-1973*Baltimore Bullets
33%
Sacramento1948-1957*Rochester Royals
33%
Los Angeles1970-1978*Buffalo Braves
30%
Golden State1962-1971*San Francisco Warriors
30%
Atlanta1955-1968*St. Louis Hawks
30%
Detroit1948-1957*Fort Wayne Pistons
26%
Sacramento1975-1985*Kansas City Kings
26%
Brooklyn1976-1977*New York Nets
26%
Philadelphia1949-1963*Syracuse Nationals
22%
Sacramento1957-1972*Cincinnati Royals
19%
New Orleans2005-2007*Oklahoma City Hornets
19%
Houston1967-1971*San Diego Rockets
19%
Washington1961-1962*Chicago Packers
11%
Washington1962-1963*Chicago Zephyrs
11%
Washington1973-1974*Capital Bullets
4%
Sacramento1972-1975*Kansas City-Omaha Kings
4%
Atlanta1951-1955*Milwaukee Hawks
4%
Atlanta1949-1951*Tri-Cities Blackhawks
4%

Score Distribution

Percentile by Number Answered

Percent of People with Each Score

Your Score History

You have not taken this quiz since the last reset